000 01921nab a2200253 i 4500
003 BR-BrBNA
005 20250610111844.0
008 250610b2018 bl.qr|pooa||| 00| 0 por |
040 _aBR-BrBNA
_bpor
072 _aF70
100 _aOliveira-da-Silva, Fúvio Rubens
100 _aRamalho, Aline Joseph
100 _aIlkiu-Borges, Anna Luiza
245 _aFlora das cangas da Serra dos Carajás, Pará, Brasil: Leucobryaceae
500 _aPublicação on-line; 11 ref.; 5 illus.; Summaries (En, Pt)
520 _a Resumo Este estudo apresenta um tratamento taxonômico com descrições, ilustrações e comentários morfológicos de Leucobryaceae das áreas de canga na Serra dos Carajás, estado do Pará, para onde foram identificados os gêneros Campylopus (5 spp.), Leucobryum (2 spp.) e Ochrobryum (1 spp.). Campylopus tallulensis é um novo registro para o Brasil e Campylopus heterostachys é citado pela primeira vez para o estado do Pará. Palavras-chave: FLONA Carajás, musgos, brioflora, taxonomia. Abstract This study presents a taxonomic treatment with descriptions, illustrations, and morphological comments of Leucobryaceae in the areas of canga in the Serra dos Carajás, Pará state, where the genera Campylopus (5 spp.), Leucobryum (2 spp.), and Ochrobryum (1 spp.) were recorded. Campylopus tallulensis is a new record for Brazil and Campylopus heterostachys is newly referred for the state of Pará. Key words: FLONA Carajás, mosses, bryoflora, taxonomy
650 _aCARAJÁS
650 _aMUSGO
650 _aTAXONOMIA
773 0 _0709
_9350966
_dRio de Janeiro-RJ Jardim Botanico do Rio de Janeiro 1935
_o2025-3590
_tRodriguésia (Brazil)
_x0370-6583; 2175-7860 on-line
_gv. 69(3) p. 1013-1024; (2018)
_wBR2025003100
856 _uhttps://www.scielo.br/j/rod/a/XBN3qHfx6Mv85DxYCdMsy3s/?format=pdf&lang=pt
942 _cANA
999 _c331991
_d331991